Loading...
X Window Inside And Out
| Hovedforfatter: | |
|---|---|
| Format: | Printed Book |
| Udgivet: |
Mcgraw Hill
1992
|
| LEADER | 00394nam a2200121 4500 | ||
|---|---|---|---|
| 020 | |a 0-07-881796-X | ||
| 082 | |a 005.304 2 | ||
| 100 | |a Reiss, Levi | ||
| 245 | |a X Window Inside And Out |c Joseph Radin |h [Text] | ||
| 260 | |b Mcgraw Hill |c 1992 | ||
| 942 | |c BK | ||
| 999 | |c 81741 |d 81741 | ||
| 952 | |0 0 |1 0 |4 0 |6 005_304000000000000_2 |7 0 |9 73864 |a SOCS |b SOCS |d 2015-06-11 |g 27.95 |l 0 |o 005.304 2 |p SOCS1120 |r 2015-06-11 |w 2015-06-11 |y BK | ||